Afghan syndrome: how to live with Soveit power (Record no. 545)

MARC details
000 -LEADER
fixed length control field 00536nam a2200181Ia 4500
020 ## - INTERNATIONAL STANDARD BOOK NUMBER
ISBN 0-7069-1349-3
082 ## - DEWEY DECIMAL CLASSIFICATION NUMBER
Classification number 327.581047 SEN-; SL1
100 ## - MAIN ENTRY--AUTHOR NAME
Personal name Sengupta, Bhabani
245 #0 - TITLE STATEMENT
Title Afghan syndrome: how to live with Soveit power
260 ## - PUBLICATION, DISTRIBUTION, ETC. (IMPRINT)
Place of publication Ghaziabad
Name of publisher Vikas Publishing House
Year of publication 1982
300 ## - PHYSICAL DESCRIPTION
Number of Pages x, 296
504 ## - BIBLIOGRAPHY, ETC. NOTE
Bibliography, etc Includes index
650 ## - SUBJECT ADDED ENTRY--TOPICAL TERM
Topical Term World politics
650 ## - SUBJECT ADDED ENTRY--TOPICAL TERM
Topical Term Afghanistan - Foreign relations - Soviet Union
650 ## - SUBJECT ADDED ENTRY--TOPICAL TERM
Topical Term USSR - Foriegn relations - Afghanistan
650 ## - SUBJECT ADDED ENTRY--TOPICAL TERM
Topical Term International relations
942 ## - ADDED ENTRY ELEMENTS (KOHA)
Koha item type Books
Holdings
Withdrawn status Lost status Damaged status Not for loan Home library Current library Date acquired Bill Date Full call number Accession Number Price effective from Koha item type
        NASSDOC Library NASSDOC Library 08/10/2004 2004-10-22 327.581047 SEN-; SL1 17083 18/04/2019 Books